[Event "Alzira Chrismas 7th"]
[Site "Alzira"]
[Date "2017.12.29"]
[Round "6.9"]
[White "Lario Cortes, Jose Maria"]
[Black "Parreno Cueto, Andres"]
[Result "1/2-1/2"]
[WhiteElo "1646"]
[BlackElo "1766"]
[PlyCount "49"]
[EventDate "2017.12.27"]
[EventType "swiss"]
[EventRounds "8"]
[EventCountry "ESP"]
[SourceTitle "EXT 2024"]
[Source "ChessBase"]
[SourceDate "2023.10.10"]
[SourceVersion "1"]
[SourceVersionDate "2023.10.10"]
[SourceQuality "1"]

1. d4 d5 2. c4 e5 3. e3 exd4 4. Qxd4 Nc6 5. Qd1 Nf6 6. a3 Be6 7. cxd5 Nxd5 8. Nf3 Nf6 9. Qxd8+ Rxd8 10. Bb5 Be7 11. Bxc6+ bxc6 12. 0-0 0-0 13. Nc3 Nd5 14. Nxd5 Bxd5 15. Nd4 Bf6 16. a4 a6 17. b4 Bc4 18. Rd1 Be7 19. Bd2 Bd5 20. Rdc1 Rfe8 21. Be1 Bf6 22. Bc3 Be7 23. Bd2 g6 24. Be1 Bf6 25. Bc3 1/2-1/2

[Event "Alzira Chrismas 7th"]
[Site "Alzira"]
[Date "2017.12.28"]
[Round "4.7"]
[White "Lario Cortes, Jose Maria"]
[Black "Llorens Ferrer, Francisco"]
[Result "1-0"]
[WhiteElo "1646"]
[BlackElo "1911"]
[PlyCount "81"]
[EventDate "2017.12.27"]
[EventType "swiss"]
[EventRounds "8"]
[EventCountry "ESP"]
[SourceTitle "EXT 2024"]
[Source "ChessBase"]
[SourceDate "2023.10.10"]
[SourceVersion "1"]
[SourceVersionDate "2023.10.10"]
[SourceQuality "1"]

1. d4 d5 2. c4 e6 3. Nc3 c6 4. Nf3 dxc4 5. e4 b5 6. a4 Bb4 7. axb5 cxb5 8. Bd2 Bxc3 9. Bxc3 a5 10. b4 a4 11. g3 Nf6 12. Nd2 Bb7 13. Bg2 0-0 14. Qe2 Nc6 15. Qe3 Qe7 16. d5 exd5 17. exd5 Qxe3+ 18. fxe3 Ne7 19. e4 Ng4 20. Bd4 Rfe8 21. 0-0 Ng6 22. Nb1 N4e5 23. Nc3 Ba6 24. h4 Nd3 25. Bc5 Nxc5 26. bxc5 b4 27. Nxa4 Bb5 28. Nb6 Rxa1 29. Rxa1 c3 30. Rc1 Ne5 31. c6 Nxc6 32. dxc6 Bxc6 33. Nd5 Bxd5 34. exd5 Rb8 35. Kf2 b3 36. Rxc3 f5 37. Rc1 Ra8 38. Ke3 Ra2 39. Bf1 b2 40. Rb1 Ra1 41. Bd3 1-0

[Event "La Vila Region-ch"]
[Site "La Vila"]
[Date "2015.11.21"]
[Round "7.8"]
[White "Sanchez Dengra, Barbara"]
[Black "Lario Cortes, Jose Maria"]
[Result "1-0"]
[WhiteElo "1840"]
[BlackElo "1656"]
[PlyCount "65"]
[EventDate "2015.10.03"]
[EventType "swiss"]
[EventRounds "7"]
[EventCountry "ESP"]
[SourceTitle "EXT 2024"]
[Source "ChessBase"]
[SourceDate "2023.10.10"]
[SourceVersion "1"]
[SourceVersionDate "2023.10.10"]
[SourceQuality "1"]

1. e4 g6 2. d4 Bg7 3. Nc3 c6 4. f4 d5 5. e5 Nh6 6. Nf3 0-0 7. Bd3 f6 8. 0-0 Bg4 9. h3 Bxf3 10. Rxf3 e6 11. Na4 Nd7 12. b4 Qe7 13. a3 fxe5 14. dxe5 Nf5 15. Bxf5 Rxf5 16. Be3 b6 17. c3 c5 18. bxc5 bxc5 19. Rb1 Bf8 20. Rb7 Qd8 21. Qb3 c4 22. Qb5 Rf7 23. Bxa7 Qc8 24. Rf1 Bxa3 25. Ra1 Bf8 26. Rb1 g5 27. fxg5 Nxe5 28. Rxf7 Nxf7 29. Be3 Qc7 30. Nc5 Ra5 31. Qe8 Rxc5 32. Rb8 Qe7 33. Qxe7 1-0

[Event "La Vila Region-ch"]
[Site "La Vila"]
[Date "2015.11.14"]
[Round "6.9"]
[White "Lario Cortes, Jose Maria"]
[Black "Soler Giner, Salvador"]
[Result "1/2-1/2"]
[WhiteElo "1656"]
[BlackElo "2091"]
[PlyCount "56"]
[EventDate "2015.10.03"]
[EventType "swiss"]
[EventRounds "7"]
[EventCountry "ESP"]
[SourceTitle "EXT 2024"]
[Source "ChessBase"]
[SourceDate "2023.10.10"]
[SourceVersion "1"]
[SourceVersionDate "2023.10.10"]
[SourceQuality "1"]

1. d4 Nf6 2. c4 e6 3. Nc3 Bb4 4. a3 Bxc3+ 5. bxc3 c5 6. e3 d6 7. Bd3 Nc6 8. Ne2 e5 9. d5 Ne7 10. e4 h6 11. 0-0 Bd7 12. f4 Ng6 13. Ng3 exf4 14. Bxf4 Nxf4 15. Rxf4 Qe7 16. Rb1 0-0-0 17. Qb3 Be8 18. Nf5 Qc7 19. Nxg7 Rg8 20. Rxf6 Rxg7 21. Rxh6 Bd7 22. Be2 Rdg8 23. Bf3 Bg4 24. Bxg4+ Rxg4 25. g3 Rxe4 26. Rf1 Qe7 27. Rhf6 Re2 28. R6f3 f5 1/2-1/2

[Event "La Vila Region-ch"]
[Site "La Vila"]
[Date "2015.10.03"]
[Round "1.13"]
[White "Varga, Mariano"]
[Black "Lario Cortes, Jose Maria"]
[Result "1-0"]
[WhiteElo "2034"]
[BlackElo "1656"]
[PlyCount "69"]
[EventDate "2015.10.03"]
[EventType "swiss"]
[EventRounds "7"]
[EventCountry "ESP"]
[SourceTitle "EXT 2024"]
[Source "ChessBase"]
[SourceDate "2023.10.10"]
[SourceVersion "1"]
[SourceVersionDate "2023.10.10"]
[SourceQuality "1"]

1. d4 Nf6 2. c4 e6 3. Nc3 Bb4 4. e3 b6 5. Nge2 0-0 6. a3 Be7 7. e4 d6 8. Ng3 e5 9. d5 a5 10. Bd3 Na6 11. 0-0 Nc5 12. Bc2 Bd7 13. b3 Rb8 14. b4 Na6 15. Rb1 c5 16. dxc6 axb4 17. axb4 Be6 18. b5 Bxc4 19. bxa6 Bxf1 20. Qxf1 Qc7 21. Nd5 Nxd5 22. exd5 Ra8 23. Be3 Rfb8 24. Qb5 Bd8 25. Bd3 g6 26. Ne4 f5 27. Ng5 f4 28. Ne6 Qe7 29. Bd2 Ra7 30. f3 g5 31. Qc4 Bc7 32. Be1 h5 33. Qe4 Kh8 34. Qg6 h4 35. Nxg5 1-0

[Event "Provincial-ch Xixona Preferente"]
[Site "Xixona"]
[Date "2013.11.02"]
[Round "4"]
[White "Talavera Moya, Salvador"]
[Black "Lario Cortes, Jose Maria"]
[Result "1-0"]
[WhiteElo "1595"]
[BlackElo "1393"]
[PlyCount "69"]
[EventDate "2013.10.05"]
[EventType "swiss"]
[EventRounds "7"]
[EventCountry "ESP"]
[SourceTitle "EXT 2024"]
[Source "ChessBase"]
[SourceDate "2023.10.10"]
[SourceVersion "1"]
[SourceVersionDate "2023.10.10"]
[SourceQuality "1"]

1. d4 d5 2. c4 c6 3. Nf3 e6 4. Nc3 f5 5. Bf4 Nf6 6. e3 Bd6 7. Bg5 0-0 8. h3 Nbd7 9. c5 Bc7 10. Bd3 b6 11. cxb6 axb6 12. 0-0 Qe8 13. Bf4 Bxf4 14. exf4 Ne4 15. Na4 c5 16. Bb5 Qe7 17. Ne5 Nxe5 18. dxe5 Ra5 19. Bd3 b5 20. Bxe4 fxe4 21. Nc3 Rxf4 22. Nxd5 exd5 23. Qd2 Qg5 24. Qxa5 Bxh3 25. Qa8+ Rf8 26. Qxd5+ Kh8 27. Qxe4 Bf5 28. Qf3 Qe7 29. Rfe1 Be6 30. Qc6 b4 31. Qd6 Qf7 32. Qxc5 h6 33. b3 Kg8 34. Rad1 Qf4 35. Qe3 1-0